000 00509nam a2200169Ia 4500
008 240729s9999 xx 000 0 und d
245 0 _aJournal of King Saud University: Computer and Information Sciences
260 _aSaudi Arabia
260 _bElsevier
650 _a Electronic computers. Computer science
650 _a Instruments and machines
650 _a Mathematics
650 _aScience
856 _uhttps://doaj.org/toc/68105ad4b99145529ed395a73e4b0247
942 _2ddc
942 _cDOAJEJ
999 _c71368
_d71368
945 _a1
_bMadushi Gamage
_c1
_dMadushi Gamage